Understanding the big picture of the Bible : (Record no. 1105)
[ view plain ]
| 000 -LEADER | |
|---|---|
| fixed length control field | 01777cam a22003494a 4500 |
| 001 - CONTROL NUMBER | |
| control field | 220868 |
| 003 - CONTROL NUMBER IDENTIFIER | |
| control field | GBCCL |
| 005 - DATE AND TIME OF LATEST TRANSACTION | |
| control field | 20241126110353.0 |
| 008 - FIXED-LENGTH DATA ELEMENTS--GENERAL INFORMATION | |
| fixed length control field | 111115s2012 ilu 000 0 eng |
| 010 ## - | |
| -- | 2011046837 |
| 020 ## - INTERNATIONAL STANDARD BOOK NUMBER | |
| International Standard Book Number | 9781433531620 (tp) |
| 020 ## - INTERNATIONAL STANDARD BOOK NUMBER | |
| International Standard Book Number | 1433531623 (tp) |
| 035 ## - SYSTEM CONTROL NUMBER | |
| System control number | (OCoLC)ocn767974206 |
| 035 ## - SYSTEM CONTROL NUMBER | |
| System control number | (OCoLC)767974206 |
| 040 ## - CATALOGING SOURCE | |
| Original cataloging agency | DLC |
| Language of cataloging | eng |
| Transcribing agency | DLC |
| Modifying agency | BTCTA |
| -- | ABF |
| -- | OCLCO |
| -- | CVN |
| -- | LBB |
| 042 ## - | |
| -- | pcc |
| 049 ## - | |
| -- | LBBK |
| 050 00 - | |
| -- | BS600.3 |
| -- | .U53 2012 |
| 082 00 - DEWEY DECIMAL CLASSIFICATION NUMBER | |
| Classification number | 220.61 |
| Edition information | 23 |
| Item number | UND |
| 090 ## - LOCALLY ASSIGNED LC-TYPE CALL NUMBER (OCLC); LOCAL CALL NUMBER (RLIN) | |
| Classification number (OCLC) (R) ; Classification number, CALL (RLIN) (NR) | BS600.3 |
| Local cutter number (OCLC) ; Book number/undivided call number, CALL (RLIN) | .U53 2012 |
| 245 00 - TITLE STATEMENT | |
| Title | Understanding the big picture of the Bible : |
| Remainder of title | a guide to reading the Bible well / |
| Statement of responsibility, etc. | edited by Wayne Grudem, C. John Collins, and Thomas R. Schreiner. |
| 260 ## - PUBLICATION, DISTRIBUTION, ETC. | |
| Place of publication, distribution, etc. | Wheaton, Ill. : |
| Name of publisher, distributor, etc. | Crossway, |
| Date of publication, distribution, etc. | c2012. |
| 260 ## - PUBLICATION, DISTRIBUTION, ETC. | |
| Place of publication, distribution, etc. | Hyderabad : |
| Name of publisher, distributor, etc. | Authentic, |
| Date of publication, distribution, etc. | 2014. |
| 300 ## - PHYSICAL DESCRIPTION | |
| Extent | 159 p. ; |
| Dimensions | 21 cm. |
| 505 0# - FORMATTED CONTENTS NOTE | |
| Formatted contents note | The theology of the Old Testament / C. John Collins -- Introduction to the Pentateuch / Gordon Wenham -- Introduction to the historical books / David Howard -- Introduction to the poetic and wisdom literature / David Reimer -- Introduction to the prophetic books / Paul House -- The tie between the Testaments / J. Julius Scott Jr. -- The Roman empire and the Greco-Roman world at the time of the New Testament / David Chapman -- Jewish groups at the time of the New Testament / John Delhousaye -- The theology of the New Testament / Thomas R. Schreiner -- Reading the Gospels and Acts / Darrell Bock -- Reading the Epistles / Thomas R. Schreiner -- Reading Revelation / Dennis Johnson. |
| 630 00 - SUBJECT ADDED ENTRY--UNIFORM TITLE | |
| Uniform title | Bible |
| General subdivision | Reading. |
| 9 (RLIN) | 1885 |
| 630 00 - SUBJECT ADDED ENTRY--UNIFORM TITLE | |
| Uniform title | Bible |
| Form subdivision | Introductions. |
| 9 (RLIN) | 1507 |
| 700 1# - ADDED ENTRY--PERSONAL NAME | |
| Personal name | Grudem, Wayne A. |
| 9 (RLIN) | 1981 |
| 700 1# - ADDED ENTRY--PERSONAL NAME | |
| Personal name | Collins, C. John, |
| Dates associated with a name | 1954- |
| 9 (RLIN) | 1982 |
| 700 1# - ADDED ENTRY--PERSONAL NAME | |
| Personal name | Schreiner, Thomas R. |
| 9 (RLIN) | 878 |
| 942 ## - ADDED ENTRY ELEMENTS (KOHA) | |
| Source of classification or shelving scheme | Dewey Decimal Classification |
| Koha item type | Books |
| Koha issues (borrowed), all copies | 33 |
| Withdrawn status | Lost status | Source of classification or shelving scheme | Damaged status | Not for loan | Home library | Current Library | Shelving location | Date acquired | Total checkouts | Total renewals | Full call number | Barcode | Date last seen | Date last checked out | Copy number | Price effective from | Koha item type | Cost, normal purchase price |
|---|---|---|---|---|---|---|---|---|---|---|---|---|---|---|---|---|---|---|
| Dewey Decimal Classification | GRACE BIBLE COLLEGE | GRACE BIBLE COLLEGE | Biblical Studies | 2017-04-17 | 19 | 1 | 220.61 UND | 012013 | 2025-05-01 | 2024-03-04 | c.1 | 2017-04-17 | Books | |||||
| Dewey Decimal Classification | GRACE BIBLE COLLEGE | GRACE BIBLE COLLEGE | Biblical Studies | 2017-04-27 | 15 | 9 | 220.61 UND | 014344 | 2025-05-01 | 2024-01-11 | c.2 | 2017-04-27 | Books | 64.35 |